Southville International School and Colleges
Your cart is empty.
  • Cart
  • Lists
    Public lists Eva Luna New books Lux_list list_1
    Your lists Log in to create your own lists
  • Log in to your account
  • Your cookies
  • Search history
Southville International School and Colleges
  • Advanced search
  • Recent comments
  • Most popular
  • Libraries

Log in to your account

Log in with GOOGLE


If you do not have an external account, but do have a local account, you can still log in:

  1. Home
  2. MARC view: Growing up is hard sometimes :
Normal view MARC view ISBD view

Growing up is hard sometimes : (Record no. 102963)

[ view plain ]
MARC details
000 -LEADER
fixed length control field 00598nam a2200169 a 4500
005 - DATE AND TIME OF LATEST TRANSACTION
control field 20140412111247.0
008 - FIXED-LENGTH DATA ELEMENTS--GENERAL INFORMATION
fixed length control field 010502s19uu xx 00 eng d
020 ## - INTERNATIONAL STANDARD BOOK NUMBER
International Standard Book Number 0-307-23291-3
050 ## - LIBRARY OF CONGRESS CALL NUMBER
Classification number TR(PS E
Item number Gr89 1986
100 ## - MAIN ENTRY--PERSONAL NAME
Personal name Hazen, Barabara Shook
245 ## - TITLE STATEMENT
Title Growing up is hard sometimes :
Remainder of title a book about independence and responsibility /
Statement of responsibility, etc by Barbara Shook Hazen; illustrated by Carolyn Bracken.
260 ## - PUBLICATION, DISTRIBUTION, ETC. (IMPRINT)
Place of publication, distribution, etc New York :
Name of publisher, distributor, etc A Golden Book,
Date of publication, distribution, etc 1986.
300 ## - PHYSICAL DESCRIPTION
Extent 1v. (unp.) ; ill.
650 ## - SUBJECT ADDED ENTRY--TOPICAL TERM
Topical term or geographic name as entry element Growing up-Juvenile literature
650 ## - SUBJECT ADDED ENTRY--TOPICAL TERM
Topical term or geographic name as entry element Responsibility-Juvenile literature
Holdings
Withdrawn status Lost status Damaged status Home library Current library Shelving location Date acquired Source of acquisition Total Checkouts Full call number Barcode Date last seen Price effective from Koha item type
      Elizalde Library Elizalde Library Teachers Reference Section 05/02/2001     TR(PS E Gr89 1986 E3426 04/12/2014 04/12/2014 Books

Growing up is hard sometimes :

APA

Hazen B. S., . (1986). Growing up is hard sometimes. New York: A Golden Book.

Chicago

Hazen Barabara Shook, . 1986. Growing up is hard sometimes. New York: A Golden Book.

Harvard

Hazen B. S., . (1986). Growing up is hard sometimes. New York: A Golden Book.

MLA

Hazen Barabara Shook, . Growing up is hard sometimes. New York: A Golden Book. 1986.

  • Place hold
  • Print
  • Cite
  • Add to your cart (remove)
  • Save record
    BIBTEX Dublin Core MARCXML MARC (non-Unicode/MARC-8) MARC (Unicode/UTF-8) MARC (Unicode/UTF-8, Standard) MODS (XML) RIS
  • More searches
    Search for this title in:
    Other Libraries (WorldCat) Other Databases (Google Scholar) Online Stores (Bookfinder.com) Open Library (openlibrary.org)

Exporting to Dublin Core...

SOUTHVILLE LIBRARY

Southville International School and Colleges Library

1281 Tropical Ave. Cor. Luxembourg St., BF Homes International, Las Pinas City

Tel. No. 8256374 / 252358 Loc. 117/146

Powered by Koha